Statistics for Hozier - All Things End (Lyrics)

Click here to take the quiz!

General Stats

  • This quiz has been taken 59 times
  • The average score is 243 of 283

Answer Stats

Answer% Correct
A
100%
a
100%
I
100%
we
100%
"We
100%
We
100%
all
98%
All
98%
And
98%
and
98%
end
98%
It
98%
it
98%
things
98%
in
96%
our
96%
That
96%
that
96%
is
94%
just
94%
on
94%
will
94%
again
91%
again,
91%
but
91%
But
91%
ever
91%
right,
91%
right
91%
to
91%
When
91%
begin
89%
hand
89%
know
89%
not
89%
sand
89%
through
89%
did
87%
didn't
87%
Everything
87%
everything
87%
intend
87%
like
87%
slips
87%
the
87%
The
87%
get
85%
my
85%
you
85%
change
83%
do
83%
plan
83%
should
83%
best"
81%
chest,
81%
chest
81%
feels
81%
height
81%
knowing
81%
life
81%
love,
81%
two
81%
weight
81%
If
79%
they
79%
tonne
79%
twenty
79%
was
79%
With
79%
dropped
77%
ends
77%
said
77%
there
77%
This
77%
this
77%
heart
74%
plans
74%
their
74%
time
74%
your
74%
anyone
72%
go
72%
hands
72%
say
72%
scrawled
72%
by
70%
Either
70%
have
70%
intact,
70%
last
70%
still
70%
way,
70%
what
70%
felt
68%
from
68%
Never
68%
never
68%
always
66%
Moving
66%
one
66%
people
66%
being
64%
fallen
64%
fault
64%
forever
64%
isn't
64%
known
64%
silence
64%
something
64%
taking
64%
want
64%
watch
64%
built
62%
darken
62%
enough
62%
future
62%
here
62%
more
62%
single
62%
somebody's
62%
tear
62%
we've
62%
around
57%
Darling
57%
long
57%
bad
55%
storey
51%
Won't
51%
come
38%
east
21%

Score Distribution

Percentile by Number Answered

Percent of People with Each Score

Your Score History

You have not taken this quiz